Top 100 Most Famous One Word Movie Titles - Statistics

General Stats
  • This quiz has been taken 209 times
  • The average score is 30 of 100
Answer Stats
Year Movie Director Star % Correct
2002 Spider-Man Sam Raimi Tobey Maguire
79%
1989 Batman Tim Burton Michael Keaton
77%
1997 Titanic James Cameron Leonardo Di Caprio
77%
2023 Barbie Greta Gerwig Margot Robbie
70%
2001 Ali Michael Mann Will Smith
66%
1960 Psycho Alfred Hitchcock Anthony Perkins
65%
2023 Oppenheimer Christopher Nolan Cillian Murphy
64%
1990 Goodfellas Martin Scorsese Joe Pesci
63%
2009 Avatar James Cameron Zoe Saldana
62%
1978 Superman Richard Donner Christopher Reeve
62%
1979 Alien Ridley Scott Sigourney Weaver
61%
2010 Inception Christopher Nolan Leonardo Di Caprio
60%
1975 Jaws Steven Spielberg Roy Scheider
59%
1942 Casablanca Michael Curtiz Humphrey Bogart
52%
2003 Hulk Ang Lee Eric Bana
52%
2014 Interstellar Christopher Nolan Matthew McConaughey
50%
1996 Scream Wes Craven Neve Campbell
50%
2011 Thor Kenneth Branagh Chris Hemsworth
50%
2016 Deadpool Tim Miller Ryan Reynolds
46%
2004 Ray Taylor Hackford Jamie Foxx
46%
1995 Se7en David Fincher Brad Pitt
45%
2012 Skyfall Sam Mendes Daniel Craig
43%
1978 Grease Randal Kleiser John Travolta
42%
2012 Lincoln Steven Spielberg Daniel Day-Lewis
42%
1984 Ghostbusters Ivan Reitman Bill Murray
40%
2009 Up Pete Doctor Ed Asner
40%
2001 Shrek Andrew Adamson Mike Myers
39%
2015 Ant-Man Peyton Reed Paul Rudd
38%
2012 Argo Ben Affleck Ben Affleck
38%
2003 Elf Jon Favreau Will Ferrell
38%
1996 Fargo Joel Coen William H. Macy
38%
2000 Memento Christopher Nolan Guy Pierce
38%
2001 Zoolander Ben Stiller Ben Stiller
38%
1988 Beetlejuice Tim Burton Michael Keaton
37%
2013 Frozen Chris Buck Kristen Bell
36%
2008 Twilight Catherine Hardwicke Kristen Stewart
36%
2017 Logan James Mangold Hugh Jackman
35%
1986 Platoon Oliver Stone Charlie Sheen
35%
2020 Tenet Christopher Nolan John David Washington
35%
2000 X-Men Bryan Singer Hugh Jackman
35%
1986 Labyrinth Jim Henson David Bowie
34%
1995 Matilda Danny DeVito Mara Wilson
34%
1995 Casino Martin Scorsese Robert De Niro
33%
2013 Gravity Alfonso Cuaron Sandra Bullock
33%
1992 Aladdin Ron Clements Robin Williams
32%
2015 Spectre Sam Mendes Daniel Craig
32%
2022 Elvis Baz Luhrmann Austin Butler
31%
2016 Moana Ron Clements Auli'i Cravalho
30%
1991 Hook Steven Spielberg Robin Williams
29%
2014 Whiplash Damien Chazelle Miles Teller
29%
2006 Cars John Lasseter Owen Wilson
27%
1974 Chinatown Roman Polanski Jack Nicholson
26%
2002 Chicago Rob Marshall Renee Zellweger
25%
1995 Jumanji Joe Johnston Robin Williams
25%
2011 Hugo Martin Scorsese Asa Butterfield
23%
1987 RoboCop Paul Verhoeven Peter Weller
23%
2015 Cinderella Kenneth Branagh Lily James
22%
2002 Insomnia Christopher Nolan Al Pacino
22%
2010 Tangled Byron Howard Mandy Moore
22%
2007 Atonement Joe Wright Keira Knightley
21%
2017 Dunkirk Christopher Nolan Fionn Whitehead
21%
2005 Hitch Andy Tennant Will Smith
21%
2007 Ratatouille Brad Bird Patton Oswalt
21%
2000 Unbreakable M. Night Shyamalan Bruce Willis
21%
2008 Wall-E Andrew Stanton Ben Burtt
20%
1998 Rushmore Wes Anderson Jason Schwartzman
18%
1988 Willow Ron Howard Warwick Davis
18%
1990 Misery Rob Reiner James Caan
17%
2005 Madagascar Tom McGrath Ben Stiller
16%
1981 Stripes Ivan Reitman Bill Murray
16%
2009 Coraline Henry Selick Dakota Fanning
14%
2021 Encanto Byron Howard Stephanie Beatriz
14%
2007 Enchanted Kevin Lima Amy Adams
14%
2021 Eternals Chloe Zhao Angelina Jolie
14%
2022 Babylon Damien Chazelle Brad Pitt
13%
2005 Constantine Francis Lawrence Keanu Reeves
13%
1998 Godzilla Roland Emmerich Matthew Broderick
13%
2015 Joy David O. Russell Jennifer Lawrence
13%
2012 Looper Rian Johnson Joseph Gordon-Levitt
13%
2016 Silence Martin Scorsese Andrew Garfield
13%
2008 Australia Baz Luhrmann Nicole Kidman
12%
1997 Hercules Ron Clements Tate Donovan
11%
2009 Watchmen Zack Snyder Jackie Earle Haley
11%
2023 Air Ben Affleck Ben Affleck
10%
2016 Sing Garth Jennings Matthew McConaughey
10%
1994 Stargate Roland Emmerich Kurt Russell
8%
2022 Amsterdam David O. Russell Margot Robbie
7%
2014 Annie Will Gluck Jamie Foxx
6%
2009 Knowing Alex Proyas Nicolas Cage
6%
2022 Moonfall Roland Emmerich Halle Berry
6%
2007 Disturbia D.J. Caruso Shia LaBeouf
4%
2017 Suburbicon George Clooney Matt Damon
4%
2011 Bernie Richard Linklater Jack Black
3%
2006 Scoop Woody Allen Scarlett Johansson
3%
2010 Somewhere Sofia Coppola Stephen Dorff
3%
2019 Midway Roland Emmerich Ed Skrein
2%
2022 Spirited Sean Anders Ryan Reynolds
2%
2010 Flipped Rob Reiner Madeline Carroll
1%
2008 Leatherheads George Clooney George Clooney
1%
2022 Slumberland Francis Lawrence Jason Momoa
1%
No matching quizzes found
Score Distribution
Percent of People with Each Score
Percentile by Number Answered
Your Score History
You have not taken this quiz